000 00611nam a22001937a 4500
005 20150922145207.0
010 _aENG-113695
020 _a9788170546726
_c400.00
035 _aEN- 97227
037 _bDBAD/PUB
082 _a305.420954
100 _aDevpura, Vaishali
245 _aTribal woman :
_cby Vaishali Devpura
_bproblems and perspectives /
260 _aNew Delhi
_bClassical Publishing
_c2014
270 _a28, Shopping Centre, Karampura
_bNew Delhi
_e110015
300 _ax,144p.
_c21cm(Hb)
500 _aIncludes bibliographical references
942 _2ddc
_cEN
_mDEV
_h305.420954
999 _c95298
_d95298